000 00602nam a2200217 a 4500
001 BRL_671
005 20190320210839.0
008 230913s1954----nyua######---#000-0#eng-#
041 _aeng
044 _anyu
050 4 _aND553.P55
_b.R49 1954
100 1 _aRewald, Jonh
_924601
245 1 0 _aCamille Pisarro, 1830-1903
_cJonh Rewald.
260 _aNew York
_bHarry N. Abrams : Pocket Books
_c1954
300 _a[62] p.
_bil., láminas
_c17 cm.
440 0 _aPocket Library of Great Art
_924602
500 _aAu733
600 1 4 _aPisarro, Camille
_d1830-1903
_924603
902 _aGRL
942 _2lcc
_cB
999 _c9483
_d9483